00217nam a2200073Ia 4500008004100000100001500041245005400056260003300110210107s9999 xx 000 0 und d aGhosh, A K 0aSustainable environments - A statistical analysis aNew DelhibOxford university